[Event "Rhein Main op-A 14th"]
[Site "Bad Homburg"]
[Date "2011.06.25"]
[Round "6"]
[White "Rennhack, Peer"]
[Black "Pauner, Jean Marie"]
[Result "1-0"]
[WhiteElo "1971"]
[BlackElo "1952"]
[PlyCount "67"]
[EventDate "2011.06.22"]
[EventType "swiss"]
[EventRounds "7"]
[EventCountry "GER"]
[SourceTitle "EXT 2012"]
[Source "ChessBase"]
[SourceDate "2011.11.24"]
[SourceVersion "1"]
[SourceVersionDate "2011.11.24"]
[SourceQuality "1"]

1. e4 d6 2. d4 g6 3. c4 Bg7 4. Nc3 Nf6 5. Be3 b6 6. Qb3 Ng4 7. 0-0-0 Nxe3 8. fxe3 0-0 9. Nf3 Nc6 10. h4 Bg4 11. Be2 Bh6 12. Nd5 Na5 13. Qc3 c6 14. Nf4 Qc7 15. h5 e5 16. hxg6 exf4 17. gxh7+ Kg7 18. d5+ f6 19. Rh4 Bxf3 20. gxf3 Bg5 21. Rg1 Kf7 22. Rxg5 fxg5 23. h8Q Rxh8 24. Rxh8 Rxh8 25. Qxh8 Qe7 26. b4 cxd5 27. bxa5 dxe4 28. Qh7+ Kf6 29. Qxe7+ Kxe7 30. axb6 axb6 31. fxe4 Kf6 32. Kd2 Ke5 33. Kd3 fxe3 34. Kxe3 1-0

[Event "Rhein Main op 13th"]
[Site "Bad Homburg"]
[Date "2010.06.04"]
[Round "4"]
[White "Pauner, Jean Marie"]
[Black "Herbold, Manfred"]
[Result "0-1"]
[WhiteElo "1952"]
[BlackElo "2172"]
[PlyCount "68"]
[EventDate "2010.06.02"]
[EventType "swiss"]
[EventRounds "7"]
[EventCountry "GER"]
[SourceTitle "EXT 2011"]
[Source "ChessBase"]
[SourceDate "2010.11.26"]
[SourceVersion "1"]
[SourceVersionDate "2010.11.26"]
[SourceQuality "1"]

1. e4 c5 2. Nf3 a6 3. c3 e6 4. d4 d5 5. e5 Bd7 6. Bd3 cxd4 7. cxd4 Bb5 8. Bxb5+ axb5 9. 0-0 Nc6 10. Be3 Nge7 11. Qe2 Qb6 12. Nc3 b4 13. Nb5 Nc8 14. a4 Be7 15. Qd3 h6 16. Nd2 g6 17. f4 h5 18. Rf3 N6a7 19. Nxa7 Nxa7 20. g4 hxg4 21. Rg3 Rc8 22. Rxg4 Qa6 23. Qb3 Kd7 24. Rg2 Rh3 25. Rf1 Nc6 26. Nf3 Na5 27. Qd1 Qc6 28. Bc1 Qxc1 29. Qxc1 Rxc1 30. Rxc1 Rxf3 31. Rgc2 Bd8 32. Rg2 Bb6 33. Rgc2 Rxf4 34. Kg2 Nb3 0-1

[Event "Rhein Main op 13th"]
[Site "Bad Homburg"]
[Date "2010.06.03"]
[Round "2"]
[White "Pauner, Jean Marie"]
[Black "Schwenkreis, Thomas"]
[Result "0-1"]
[WhiteElo "1952"]
[BlackElo "2130"]
[PlyCount "78"]
[EventDate "2010.06.02"]
[EventType "swiss"]
[EventRounds "7"]
[EventCountry "GER"]
[SourceTitle "EXT 2011"]
[Source "ChessBase"]
[SourceDate "2010.11.26"]
[SourceVersion "1"]
[SourceVersionDate "2010.11.26"]
[SourceQuality "1"]

1. e4 e5 2. Nf3 Nc6 3. Bc4 Be7 4. d4 exd4 5. Nxd4 d6 6. Nc3 Nf6 7. 0-0 0-0 8. Be3 Ne5 9. Bb3 c5 10. Nf3 Bg4 11. Bd5 Nxd5 12. Nxd5 Kh8 13. Bf4 f5 14. Qe2 Nxf3+ 15. gxf3 Bh3 16. Rfe1 Bg5 17. Qe3 Bf6 18. Nxf6 Qxf6 19. exf5 Bxf5 20. c3 Bd7 21. Bg3 Bc6 22. f4 Qg6 23. f3 h5 24. Kg2 Rae8 25. Qd2 h4 26. Rg1 hxg3 27. hxg3 Re7 28. g4 Rfe8 29. Rh1+ Kg8 30. f5 Qf6 31. Qf4 Re2+ 32. Kg3 R2e3 33. Raf1 R8e4 34. g5 Rxf4 35. gxf6 Rexf3+ 36. Rxf3 Rxf3+ 37. Kg4 gxf6 38. Rd1 Rf2 39. Rxd6 Kf7 0-1

[Event "Main Vogelsberg op 4th"]
[Site "Heusenstamm"]
[Date "2009.05.03"]
[Round "6"]
[White "Pauner, Jean Marie"]
[Black "Scharmann, Hartmut"]
[Result "1-0"]
[WhiteElo "1819"]
[BlackElo "1509"]
[PlyCount "67"]
[EventDate "2009.04.30"]
[EventType "swiss"]
[EventRounds "7"]
[EventCountry "GER"]
[SourceTitle "CBM 130 Extra"]
[Source "ChessBase"]
[SourceDate "2009.07.02"]
[SourceVersion "2"]
[SourceVersionDate "2009.07.15"]
[SourceQuality "1"]

1. e4 d6 2. d4 Nf6 3. Nc3 g6 4. Nf3 Bg7 5. h3 c6 6. Bd3 Nbd7 7. 0-0 0-0 8. Be3 a6 9. Qe2 b5 10. e5 dxe5 11. dxe5 Nd5 12. Nxd5 cxd5 13. Bd4 Bb7 14. c3 Rc8 15. e6 Nc5 16. Bxc5 Rxc5 17. exf7+ Rxf7 18. Ng5 d4 19. Nxf7 Kxf7 20. c4 Re5 21. Qg4 e6 22. Rfe1 Qd6 23. f4 Re3 24. Bf1 h5 25. Qh4 Bh6 26. cxb5 axb5 27. Rxe3 dxe3 28. Qe1 Qb6 29. Qe2 Bxf4 30. Qxb5 Qa7 31. Qd7+ Kf6 32. Be2 Qb6 33. Rf1 Ke5 34. Qg7+ 1-0

[Event "Frankfurt-ch"]
[Site "Frankfurt"]
[Date "2009.04.27"]
[Round "1"]
[White "Stulken, Dietmar"]
[Black "Pauner, Jean Marie"]
[Result "0-1"]
[WhiteElo "1329"]
[BlackElo "1960"]
[PlyCount "84"]
[EventDate "2009.04.27"]
[EventType "tourn"]
[EventRounds "7"]
[EventCountry "GER"]
[SourceTitle "EXT 2010"]
[Source "ChessBase"]
[SourceDate "2010.11.25"]
[SourceVersion "1"]
[SourceVersionDate "2010.11.25"]
[SourceQuality "1"]

1. e4 c5 2. Nf3 Nc6 3. d4 cxd4 4. Nxd4 Nf6 5. Nc3 a6 6. Be3 g6 7. f3 Bg7 8. Qd2 0-0 9. 0-0-0 Qc7 10. Bh6 Nxd4 11. Bxg7 Nb3+ 12. axb3 Kxg7 13. Nd5 Nxd5 14. Qxd5 d6 15. Qc4 Qa5 16. Qa4 Qg5+ 17. Kb1 Be6 18. Qd4+ Qf6 19. Qb6 Rab8 20. Be2 Rfc8 21. Rd3 Rc6 22. Qe3 Rbc8 23. Rc1 b5 24. b4 Rc4 25. Ra3 R4c6 26. Bd3 Bc4 27. Rc3 d5 28. exd5 Bxd5 29. Rxc6 Rxc6 30. Be4 Bxe4 31. Qxe4 Rc4 32. Qe1 Qd6 33. c3 e6 34. g3 Qd3+ 35. Rc2 Qxf3 36. Qe5+ Qf6 37. Qe1 Qf5 38. Qd1 h5 39. Kc1 h4 40. gxh4 Rxh4 41. Qe1 Rf4 42. Qg3 Rf1+ 0-1

[Event "Hessen-ch Seniors"]
[Site "Offenbach"]
[Date "2005.03.29"]
[Round "3"]
[White "Pauner, Jean Marie"]
[Black "Krueger, Manfred"]
[Result "1-0"]
[WhiteElo "1822"]
[BlackElo "1447"]
[PlyCount "101"]
[EventDate "2005.03.28"]
[EventType "swiss"]
[EventRounds "7"]
[EventCountry "GER"]
[SourceTitle "EXT 2006"]
[Source "ChessBase"]
[SourceDate "2005.11.24"]
[SourceVersion "1"]
[SourceVersionDate "2005.11.24"]
[SourceQuality "1"]

1. e4 e5 2. Nf3 Nc6 3. d4 exd4 4. c3 dxc3 5. Nxc3 d6 6. Bc4 Nf6 7. h3 Be7 8. 0-0 0-0 9. Re1 Re8 10. Bf4 Na5 11. Bd3 Be6 12. Qe2 a6 13. Rad1 b5 14. b3 Qc8 15. Kh2 Nh5 16. Bd2 Nc6 17. Rc1 Nf6 18. Nxb5 Bd7 19. Nc3 Bd8 20. Qf1 Ne5 21. Nxe5 dxe5 22. Nd5 Be6 23. Nb6 Qb7 24. Nxa8 Qxa8 25. Qe2 a5 26. Bb5 Rf8 27. Bc6 Qc8 28. Bxa5 Be7 29. Red1 Bd6 30. Rc3 g6 31. Rdc1 Nh5 32. Ba4 Qd8 33. Bxc7 Bxc7 34. Rxc7 Nf4 35. Qf3 Qh4 36. Qg3 Qh6 37. Bb5 Qh5 38. R7c5 Rd8 39. Bf1 Rd2 40. a4 Rb2 41. Rb5 Qh6 42. Rb8+ Kg7 43. Qc3 Nd3 44. Rc2 Qf4+ 45. g3 Rxc2 46. Qxc2 Qxf2+ 47. Qxf2 Nxf2 48. Bg2 Nd3 49. a5 Nc5 50. b4 Nd7 51. a6 1-0